=LDR 00000nam 2200000 4500 =001 001143 =005 20250714093015 =035 ##$$a 0010-0725001027 =007 ta =008 250714################a##########0#ind## =020 ##$$a 978-623-472-235-2 =082 ##$$a 398.209 598 =084 ##$$a 398.209 598 RES g =100 #$$a Reshma thapa gurung =245 1#$$a Gigi yang goyang /$c Reshma thapa gurung =250 ##$$a Cetakan pertama =260 ##$$a Rawamangun :$b Badan pengembangan dan pembinaan bahasa,$c 2022 =300 ##$$a 22hlm. : $b Ilus. ; $c 22,9cm =650 #4$$a Cerita anak indonesia-terjemahan